000 00332nam a2200133Ia 4500
008 240624s9999 xx 000 0 und d
041 _aeng
082 _a659 MIS
100 _aMISHRA ANIL
245 _aSUMMER INTERNSHIP SIMPLIFIED
260 _c2008
_aNew Delhi
_bWiley India
300 _a288 : p. : cm. ; 24
365 _cRS
_b33.33
999 _c11246
_d11246